| Literature - American poetry | 0 | 4 | 0 | 1 | 40 | 47 | 77.75 | 3 | 4 | 0.00 | 0.00 |
| Art - Music/Opera | 0 | 4 | 2 | 1 | 30 | 61 | 96.50 | 0 | 2 | 0.00 | 0.00 |
| Literature - World/Misc poetry | 0 | 3 | 0 | 0 | 30 | 81 | 100.00 | 0 | 2 | 0.00 | 0.00 |
| Science - Chemistry | 0 | 3 | 0 | 0 | 30 | 46 | 64.33 | 2 | 2 | 0.00 | 0.00 |
| Science - Biology | 0 | 3 | 0 | 0 | 30 | 39 | 83.00 | 0 | 3 | 0.00 | 0.00 |
| Literature - European any | 0 | 2 | 0 | 0 | 20 | 65 | 86.00 | 1 | 1 | 0.00 | 0.00 |
| Literature - American drama | 0 | 2 | 0 | 1 | 20 | 82 | 114.00 | 0 | 1 | 0.00 | 0.00 |
| Religion - Islam | 0 | 2 | 0 | 0 | 20 | 64 | 102.00 | 0 | 2 | 0.00 | 0.00 |
| Religion - Hinduism | 0 | 2 | 0 | 0 | 20 | 54 | 85.00 | 1 | 1 | 0.00 | 0.00 |
| Philosophy - Mixed/Any | 0 | 2 | 0 | 0 | 20 | 86 | 94.00 | 2 | 2 | 0.00 | 0.00 |
| Literature - World/Misc any | 0 | 2 | 0 | 1 | 20 | 78 | 97.50 | 1 | 1 | 0.00 | 0.00 |
| Literature - British any | 0 | 2 | 0 | 0 | 20 | 72 | 88.00 | 1 | 1 | 0.00 | 0.00 |
| Social Science - Psychology | 0 | 2 | 0 | 0 | 20 | 82 | 110.50 | 1 | 1 | 0.00 | 0.00 |
| Mythology - Greco/Roman | 0 | 2 | 0 | 0 | 20 | 77 | 91.50 | 0 | 0 | 0.00 | 0.00 |
| Mythology - Egyptian | 0 | 1 | 0 | 0 | 10 | 140 | 140.00 | 0 | 0 | 0.00 | 0.00 |
| Mythology - Mixed/Any | 0 | 1 | 0 | 0 | 10 | 87 | 87.00 | 0 | 1 | 0.00 | 0.00 |
| Other Academic/Cross-Category - Any | 0 | 1 | 0 | 0 | 10 | 91 | 91.00 | 0 | 0 | 0.00 | 0.00 |
| Philosophy - Enlightenment | 0 | 1 | 0 | 0 | 10 | 93 | 93.00 | 0 | 1 | 0.00 | 0.00 |
| Social Science - Sociology | 0 | 1 | 0 | 0 | 10 | 114 | 114.00 | 0 | 0 | 0.00 | 0.00 |
| Art - Visual | 0 | 1 | 0 | 0 | 10 | 152 | 152.00 | 0 | 0 | 0.00 | 0.00 |
| Geography - Non-U.S. Americas | 0 | 1 | 0 | 0 | 10 | 138 | 138.00 | 0 | 0 | 0.00 | 0.00 |
| Geography - Oceania/Pacific | 0 | 1 | 0 | 1 | 10 | 131 | 131.00 | 0 | 0 | 0.00 | 0.00 |
| History - Other | 0 | 1 | 0 | 0 | 10 | 40 | 40.00 | 1 | 1 | 0.00 | 0.00 |
| History - World | 0 | 1 | 0 | 0 | 10 | 104 | 104.00 | 0 | 0 | 0.00 | 0.00 |
| Literature - American short fiction | 0 | 1 | 0 | 0 | 10 | 119 | 119.00 | 0 | 0 | 0.00 | 0.00 |
| Literature - British poetry | 0 | 1 | 0 | 0 | 10 | 66 | 66.00 | 0 | 1 | 0.00 | 0.00 |
| Literature - British short fiction | 0 | 1 | 0 | 0 | 10 | 73 | 73.00 | 0 | 1 | 0.00 | 0.00 |
| Literature - European drama | 0 | 1 | 0 | 0 | 10 | 99 | 99.00 | 0 | 0 | 0.00 | 0.00 |
| Literature - European long fiction | 0 | 1 | 0 | 0 | 10 | 21 | 21.00 | 1 | 1 | 0.00 | 0.00 |
| Literature - World/Misc drama | 0 | 1 | 0 | 0 | 10 | 47 | 47.00 | 0 | 1 | 0.00 | 0.00 |
| Literature - World/Misc long fiction | 0 | 2 | 2 | 1 | 10 | 75 | 106.50 | 1 | 1 | 0.00 | 0.00 |
| Literature - World/Misc short fiction | 0 | 1 | 0 | 1 | 10 | 141 | 141.00 | 0 | 0 | 0.00 | 0.00 |
| Religion - Buddhism | 0 | 1 | 0 | 0 | 10 | 124 | 124.00 | 0 | 0 | 0.00 | 0.00 |
| Religion - Mixed/Any | 0 | 1 | 0 | 1 | 10 | 132 | 132.00 | 0 | 1 | 0.00 | 0.00 |
| Science - Astronomy | 0 | 1 | 0 | 0 | 10 | 113 | 113.00 | 0 | 0 | 0.00 | 0.00 |
| Science - Earth | 0 | 1 | 0 | 0 | 10 | 57 | 57.00 | 1 | 1 | 0.00 | 0.00 |
| Science - Engineering | 0 | 1 | 0 | 0 | 10 | 71 | 71.00 | 0 | 0 | 0.00 | 0.00 |
| Social Science - Mixed/Any | 0 | 1 | 0 | 0 | 10 | 107 | 107.00 | 0 | 1 | 0.00 | 0.00 |
| Science - Physics | 0 | 1 | 1 | 0 | 5 | 41 | 41.00 | 1 | 1 | 0.00 | 0.00 |
| History - European | 0 | 1 | 2 | 0 | 0 | 54 | 54.00 | 1 | 1 | 0.00 | 0.00 |
| Art - Other | 0 | 1 | 2 | 0 | 0 | 74 | 74.00 | 0 | 1 | 0.00 | 0.00 |
| Science - Other | 0 | 0 | 0 | 0 | 0 | | 0.00 | 0 | 0 | 0.00 | 0.00 |
| Art - Painting/Sculpture | 0 | 1 | 2 | 0 | 0 | 85 | 85.00 | 0 | 1 | 0.00 | 0.00 |
| Literature - European poetry | 0 | 0 | 1 | 0 | -5 | | 0.00 | 0 | 0 | 0.00 | 0.00 |
| Philosophy - Ancient | 0 | 0 | 1 | 0 | -5 | | 0.00 | 0 | 0 | 0.00 | 0.00 |
| Philosophy - 20th century | 0 | 0 | 1 | 0 | -5 | | 0.00 | 0 | 0 | 0.00 | 0.00 |
| Philosophy - Pre-20th | 0 | 0 | 1 | 0 | -5 | | 0.00 | 0 | 0 | 0.00 | 0.00 |
| Religion - Christianity/Judaism | 0 | 0 | 2 | 0 | -10 | | 0.00 | 0 | 0 | 0.00 | 0.00 |